00464nam a2200181Ia 4500003000400000005001700004008004100021020001500062040000700077041000800084082002300092100002300115245004100138260003900179300001400218365001300232650003700245OSt20230323115348.0210423s2005 xx 000 0 und d a9812530975 cAL aeng a541.242 223bCARR aCARTER (Robert L). aMolecular symmetry and group theory. aNew DelhibJohn Wiley & Sonsc2005 ax,299bPB b200cINR aPhysical & Theoretical Chemistry